Statistics for Hockey Teams in the 2014 Olympics

Click here to take the quiz!

General Stats

  • This quiz has been taken 1,837 times
  • The average score is 10 of 12

Answer Stats

Hint Answer % Correct
Group AUnited States
99%
Group BCanada
99%
Group ARussia
98%
Group CSweden
97%
Group BFinland
94%
Group BNorway
84%
Group ASlovakia
82%
Group CCzech Republic
81%
Group CSwitzerland
75%
Group CLatvia
70%
Group ASlovenia
68%
Group BAustria
65%

Score Distribution

Percentile by Number Answered

Percent of People with Each Score

Your Score History

You have not taken this quiz